The complete technology book on candle making and designs / (Record no. 135481)

MARC details
000 -LEADER
fixed length control field 00700nam a22002177a 4500
005 - DATE AND TIME OF LATEST TRANSACTION
control field 20170124110245.0
010 ## - LIBRARY OF CONGRESS CONTROL NUMBER
LC control number B-209612
020 ## - INTERNATIONAL STANDARD BOOK NUMBER
Terms of availability 575.00
International Standard Book Number 8186623663
035 ## - SYSTEM CONTROL NUMBER
System control number B-209612
037 ## - SOURCE OF ACQUISITION
Source of stock number/acquisition Cen Lib/Ret
040 ## - CATALOGING SOURCE
Original cataloging agency DPL
Language of cataloging EN
082 ## - DEWEY DECIMAL CLASSIFICATION NUMBER
Classification number 621.323
Item number COM
110 ## - MAIN ENTRY--CORPORATE NAME
Corporate name or jurisdiction name as entry element Delhi.National Institute of Industrial Research
9 (RLIN) 97352
245 ## - TITLE STATEMENT
Title The complete technology book on candle making and designs /
260 ## - PUBLICATION, DISTRIBUTION, ETC. (IMPRINT)
Place of publication, distribution, etc Delhi
Name of publisher, distributor, etc National Institute of Industrial Research
270 ## - ADDRESS
City Delhi
Address 106-E, Kamla Nagar
Postal code 110007
300 ## - PHYSICAL DESCRIPTION
Extent 354p. :
Dimensions 20cm(pbk)
Other physical details ill.
650 ## - SUBJECT ADDED ENTRY--TOPICAL TERM
Topical term or geographic name as entry element Candle making
9 (RLIN) 97353
650 ## - SUBJECT ADDED ENTRY--TOPICAL TERM
Topical term or geographic name as entry element Process -- candle making
9 (RLIN) 97354
942 ## - ADDED ENTRY ELEMENTS (KOHA)
Source of classification or shelving scheme Dewey Decimal Classification
Koha item type English Books
Classification part 621.323
Call number suffix COM
Holdings
Withdrawn status Lost status Damaged status Not for loan Home library Current library Date acquired Source of acquisition Cost, normal purchase price Total Checkouts Full call number Barcode Date last seen Date checked out Copy number Cost, replacement price Price effective from Koha item type
        Central Library Central Library 06/10/2015 Cen Lib/Ret 575.00 1 621.323 COM B-209612 05/10/2018 20/09/2018 1 575.00 06/10/2015 English Books

© Delhi Public Library
Hit Counter
free hit counter